[Event "London Classic 4th"]
[Site "London"]
[Date "2012.12.10"]
[Round "9"]
[White "Carlsen, Magnus"]
[Black "Anand, Viswanathan"]
[Result "1/2-1/2"]
[WhiteElo "2848"]
[BlackElo "2775"]
[Annotator "Postny,Evgeny"]
[PlyCount "121"]
[EventDate "2012.12.01"]
[EventType "tourn"]
[EventRounds "9"]
[EventCountry "ENG"]
[EventCategory "21"]
[SourceTitle "CBM 152"]
[Source "ChessBase"]
[SourceDate "2013.01.15"]
[SourceVersion "1"]
[SourceVersionDate "2013.01.15"]
[SourceQuality "1"]

{The clashes between the top rated player and the current World Champion are always the centre of attention.} 1. e4 e5 2. Nf3 Nc6 3. Bb5 Nf6 4. d3 {As usual, Magnus doesn't wish to enter the main line, trying, and mostly succeeding, to outplay his opponents in the long-term battle. His choice for the current game is understandable, as the opening knowledge of the World Champion is way better.} Bc5 5. Nc3 d6 {Anand likes to play with knights, so he doesn't mind allowing the exchange that now follows.} ({To avoid the exchange of the bishop that happened in the game, Black can play} 5... O-O) 6. Na4 Bb6 7. Nxb6 {Carlsen deviates from his previous game.} (7. O-O Bd7 8. c3 Ne7 9. Nxb6 axb6 10. Bxd7+ Qxd7 11. Bg5 Ng6 12. Bxf6 gxf6 13. Nd2 f5 $11 {½-½ (59) Carlsen,M (2765)-Wang Yue (2689) Baku 2008}) 7... axb6 8. c3 Bd7 9. Ba4 {White's only chance for an advantage is to keep the pair of bishops, that might tell in the long run. Therefore, he should hide his light-squared bishop from the exchange. Still, the position is equal.} Ne7 (9... O-O 10. Bc2 Ne7 11. Bg5 Ng6 12. h4 h6 13. h5 Nf4 14. Bxf4 exf4 15. Qd2 Ra5 16. Qxf4 Rxh5 17. O-O-O Rxh1 18. Rxh1 $14 {½-½ (34) Short,N (2702)-Aronian,L (2648) Reykjavik 2004}) 10. Bc2 Ng6 11. h3 O-O 12. O-O h6 ({In the following game Black performed some original rook manoeuvres:} 12... Bc6 13. Re1 Re8 14. Nh2 h6 15. Ng4 Nxg4 16. Qxg4 Re6 17. g3 Rf6 18. Qh5 Bd7 19. Be3 Ra5 $1 $132 {½-½ (48) Efimenko,Z (2637)-Almasi,Z (2640) Germany 2005}) 13. Re1 Re8 14. d4 Bc6 $1 {Attacking the e4 and forcing White to make a slight concession: either to close the centre by d4-d5 or to exchange pawns.} 15. dxe5 (15. d5 Bd7 16. c4 Nh5 $132 {[%cal Gh5f4]}) 15... dxe5 {It's obvious that Black is not experiencing any problems.} 16. Qxd8 Rexd8 $146 (16... Raxd8 17. a4 Nh5 18. Be3 Nhf4 19. Red1 f6 $11 {½-½ (24) Balogh,C (2561)-Georgiev,K (2649) Sibenik 2007}) 17. g3 Nd7 $146 {The knight is heading to the d3-square. In fact, only Black can be better here.} ({RR} 17... Bb5 18. Be3 Bd3 19. Bxd3 Rxd3 20. Nd2 Rad8 21. Re2 Kf8 22. Kf1 Ke7 23. Ke1 Ke6 24. f3 Nh5 25. Nf1 R8d7 26. Kf2 Ne7 27. Rd2 Nc6 28. Rad1 Rxd2+ 29. Rxd2 Nf6 30. g4 Rxd2+ 31. Nxd2 Nd7 32. Ke2 {Muzychuk,A (2530)-Zhai Mo (2339) Samarkand UZB 2023 ½-½ (60)}) ({RR} 17... Bb5 18. Be3 Bd3 19. Bxd3 Rxd3 20. Nd2 Rad8 21. Re2 Kf8 22. Kf1 Ke7 23. Ke1 Ke6 24. f3 Nh5 25. Nf1 R8d7 26. Kf2 Ne7 27. Rd2 Nc6 28. Rad1 Rxd2+ 29. Rxd2 Nf6 30. g4 Rxd2+ 31. Nxd2 Nd7 32. Ke2 {Muzychuk,A (2530)-Zhai Mo (2339) Samarkand UZB 2023 ½-½ (60)}) 18. Be3 Nc5 19. Nd2 (19. Bxc5 bxc5 20. a3 $11) 19... Nf8 20. f3 Nfe6 21. h4 {Magnus is not bothered by anything.} Bb5 22. a3 Rd7 $6 {It was more consistent to put the bishop on d3.} (22... Bd3 23. Bd1 b5 {Even if this position is equal, everyone would like to be on the black side.}) 23. b4 $1 Nd3 $6 (23... Ba4 $1 24. bxc5 Bxc2 $11 {Opposite coloured bishops promise a future draw.}) 24. Reb1 Ba4 25. Bxa4 Rxa4 {Anand has achieved the favourable exchange of bishops, but his knight is ensconced on d3, and just a headache for Black.} 26. Kf1 b5 27. Ke2 Ra6 28. h5 {Fixing the kingside, just in case.} c5 $6 {It's clear that Anand got worried that he may eventually lose his d3. So, he decided to liberate it now, before it is too late, even at a price of a pawn. In fact, concrete variations do not support his choice.} (28... Rc6 {[%csl Rc3]} 29. c4 ({Also after} 29. Rb3 f6 30. Rd1 Kf7 31. Nf1 Rcd6 32. Rbb1 Rd8 33. Rd2 Ke7 34. Rbd1 Nb2 {the knight escapes.}) 29... b6 $1 (29... bxc4 $2 30. b5 $16 {[%csl Rc6]}) 30. cxb5 (30. a4 bxa4 31. Rxa4 Rcd6 32. c5 bxc5 33. Nc4 Nxb4 34. Nxd6 cxd6 $11) 30... Rc2 31. a4 Nb2 32. Rc1 {[%tqu "En","Black can make a forced draw. How?","","","d7d2","",5]} Rdxd2+ $1 33. Bxd2 Nd4+ 34. Ke3 (34. Ke1 Nd3+ 35. Kd1 Nb2+ $11) 34... Nc4+ 35. Kd3 Nb2+ $11) 29. bxc5 Ndxc5 30. Rxb5 Na4 31. Rc1 Rc7 32. Nb1 {Now Black has a long fight for a draw.} f6 33. c4 b6 34. Rd5 Nac5 35. Rc2 Rc6 {All Black's pieces are well placed. It's now up to White to show some plan of improvement.} 36. Rb2 Kh7 37. Rb4 g6 $5 {This is controversial. It is, normally, recommended for the defending side to exchange pawns, but now Black gets some weaknesses on the kingside.} (37... Kg8 {[%cal Gg8f7] would be more natural.}) 38. hxg6+ Kxg6 39. Rd2 h5 40. Nc3 $5 {Of course, every existing engine would condemn this move. On the other hand, it seems impossible for White to achieve any progress only by manoeuvering. Magnus is trying to activate his pieces and create some threats against Black's vulnerable king.} Rxa3 41. Nd5 Kf7 42. Nxb6 Nb3 $1 {The knight is heading to d4.} 43. Rd7+ Ke8 {Before playing 42...b3, Anand had to bear in mind that his king might be in danger on the back rank.} 44. Rb7 Nbd4+ 45. Bxd4 Nxd4+ 46. Kd1 Kd8 $2 {After long meditation Anand decided to keep his active pieces as they are and not to take the pawn. However, this loss of tempi could bring him to the verge of losing.} (46... Ra1+ 47. Kd2 Nxf3+ 48. Kc3 Ng5 49. Nd5 Nxe4+ 50. Kb2 Rd1 51. Re7+ Kd8 52. Rh7 Kc8 53. Ne7+ Kc7 54. Nxc6+ Kxc6 {Black's compensation is sufficient for a draw.}) 47. Rd7+ $2 (47. Kc1 $1 {was very strong. The idea is to bring the king to b2, and push away Black's rook from the a-file. After that White's rook will get an opportunity to join the attack via a4.} Ne6 (47... Nxf3 48. Rg7 $1 Ne1 49. Rb5 Nd3+ 50. Kc2 Nc5 51. Nd5 $18) (47... Rxf3 $2 48. Ra4 $18 {[%csl Rd8][%cal Ga4a8]}) 48. Kb2 Rxf3 (48... Ra6 49. Rb5 {[%cal Gb6d5]} Nc7 50. Rb3 $18) 49. Ra4 Nc7 50. Raa7 $1 Rxg3 51. Rb8+ Ke7 52. Nd5+ Kd6 53. Rd8+ Kc5 54. Nxc7 Rb6+ 55. Kc2 h4 56. Rd2 Kxc4 57. Nd5 {with good winning chances.}) 47... Ke8 48. Rb7 Kd8 $2 (48... Ra1+ $1 {- see 46...a1.}) 49. Nd5 $2 ({It was the last chance for} 49. Kc1 $1) 49... Ra1+ 50. Kd2 Ra2+ 51. Rb2 (51. Kc1 {Now it wasn't so effective.} Rc2+ 52. Kd1 R6xc4 53. Rxc4 Rxc4 54. Rh7 Rc6 {and Black will eventually hold.} (54... Nxf3 $4 55. Rh8+ Kd7 56. Nb6+ $18)) 51... Rxb2+ 52. Rxb2 Nxf3+ 53. Kd3 Ng5 54. Rb8+ Kd7 55. Rb7+ Kd6 56. Nxf6 Ra6 {Black is safe now. Suddenly, all his pieces are well placed.} 57. Ne8+ Kc5 58. Rc7+ Kb4 59. Rb7+ Kc5 60. Rc7+ Kb4 61. Rb7+ 1/2-1/2

[Event "Tata Steel-A 75th"]
[Site "Wijk aan Zee"]
[Date "2013.01.15"]
[Round "4"]
[White "Carlsen, Magnus"]
[Black "Harikrishna, Pentala"]
[Result "1-0"]
[WhiteElo "2861"]
[BlackElo "2698"]
[Annotator "Marin,Mihail"]
[PlyCount "98"]
[EventDate "2013.01.12"]
[EventType "tourn"]
[EventRounds "13"]
[EventCountry "NED"]
[EventCategory "20"]
[SourceTitle "CBM 153"]
[Source "ChessBase"]
[SourceDate "2013.03.14"]
[SourceVersion "1"]
[SourceVersionDate "2013.03.14"]
[SourceQuality "1"]

1. e4 e5 2. Nf3 Nc6 3. c3 {Maybe not such a bad move after all. White threatens to occupy the centre with d2-d4, just "a bit" earlier than this happens in the Ruy Lopez (if Black does not interfere with this sweet plan by choosing the Open variation or the Marshall Attack, of course). And since Carlsen does not seem to be too keen to sustain long theoretical discussions, the Ponziani is the perfect one-game-opening.} ({It is interesting to compare the game position after 7 moves with that arising after} 3. Bc4 Nf6 4. d4 exd4 5. e5 d5 6. Bb5 Ne4 7. Nxd4 {Obviously, White has an extra tempo in the Ponziani (c2-c3) with respect to an entirely approved opening! In the two-knight defence, the main line goes} Bc5 {, to be cpmpared wth the similar line below.}) 3... Nf6 4. d4 d5 5. Bb5 exd4 (5... Nxe4 6. Nxe5 Bd7 7. Nxd7 (7. Qb3 {1-0 Prokopchuk,E-Sofieva,A (2385)/St Petersburg 1994/CBM 041/[Hecht] (74)}) 7... Qxd7 8. O-O Be7 9. Nd2 Nxd2 10. Bxd2 a6 11. Bd3 O-O 12. Qf3 $14 {Estrin,Y-Vasilchuk,Y/Moscow 1961/MCD (1-0, 42)}) 6. e5 Ne4 7. Nxd4 Bd7 {This looks a bit passive.} ({I have the feeling that} 7... Bc5 {may be the critical continuation anyway, even with the extra c2-c3. After all, Black does not necessarily want to put pressure on d4, but rather weaken the presure over c6 and for this reason c2-c3 is not too relevant.} 8. O-O (8. Nxc6 Bxf2+ 9. Kf1 bxc6 10. Bxc6+ Kf8 $13 {Kastell,M-Jonasson,P SVE-ch Klass corr 1999 (1-0, 23)}) 8... O-O 9. f3 (9. Bxc6 bxc6 10. Be3 Qe8 11. f3 Nd6 $15 {Gligoric,S-Keller,D Zuerich 1959 MCL [Bulletin] (1-0, 38)}) (9. Nxc6 bxc6 10. Bxc6 Ba6 11. Nd2 Bxf1 12. Nxe4 dxe4 13. Qxf1 Rb8 {Onderdelinden,D-Rosenhahn,E ICCF-Cup corr 1994 (0-1, 34)}) 9... Ng5 10. Bxc6 bxc6 11. Be3 f6 {Gligoric,S-Fischer,R Buenos Aires 1960 (1/2, 20). Well, if Fischer, on a very rare occasion when he deviated from his 1...c5, chose this line, there may be something behind it. Unfortunately, it is impossible to put these two great players, Fischer and Carlsen, who reached unthinkable rating peaks of their time, to rehearse this position against eachother...}) 8. Bxc6 bxc6 9. O-O Be7 10. Be3 {This looks logical,} ({but} 10. f3 Nc5 11. f4 {does not seem too bad either:} O-O (11... f5 $2 12. b4 Ne4 13. e6 $16 {Schneider,L (2410)-Moen,O (2315)/Eksjo 1981/MCL (1-0, 29)}) 12. Be3 $6 (12. f5 $1 {is the critical line, leaving Black with the permanent threats of e5-e6 and f5-f6.}) 12... f6 $132 {Panchev,P (2365)-Schoene,R (2360) Karl-Marx-Stadt 1990 (0-1, 42)}) 10... O-O 11. Nd2 Nc5 (11... Nxd2 12. Qxd2 c5 13. Ne2 ({It makes more sense to fight for the c5-square:} 13. Nb3 c4 14. Nc5 Bf5 15. b3 $14) 13... Bb5 14. Rfd1 Bxe2 15. Qxe2 Qd7 $11 {Dueckstein,A-Unzicker,W/Siegen 1970/EXT 2002 (1/2, 29)}) 12. b4 $146 (12. f4 $5 f5 $6 (12... a5 $6 13. f5 Nd3 14. f6 $40) (12... f6 $1 13. b4 $6 fxe5 $1) 13. b4 Ne6 $6 (13... Ne4 $14) 14. N2b3 $16 {Basman,M-Masters,D/Bath 1963/EXT 1999 (1-0, 31)}) ({RR} 12. f4 f5 13. b4 Nb7 14. N4b3 a5 15. Nc5 Nxc5 16. bxc5 a4 17. c4 Be6 18. Qc2 Ra5 19. Qc3 Qa8 20. cxd5 Bxd5 21. Bd4 Qa7 22. Rfc1 Re8 23. h3 a3 24. Rc2 Ra4 25. Rb1 Bf8 26. Kh2 Qa6 {Moufang,R-Hess,R Kassel 1976 0-1 (39)}) ({RR} 12. f4 f5 13. b4 Ne6 14. N2b3 Nxd4 15. Bxd4 Bc8 16. Re1 g5 17. fxg5 Bxg5 18. e6 Re8 19. Nc5 Bf4 20. Qh5 Qe7 21. Qxf5 Rf8 22. Qg4+ Qg5 23. Qxg5+ Bxg5 24. Rad1 Be7 25. Rd3 Rf5 26. Rg3+ Kf8 {Basman,M-Masters,D Bath/ Somerset 1963 1-0 (31)}) 12... Nb7 $6 {Too passive, I believe.} ({The provocative} 12... Nd3 $5 {may offer better chances for counterplay.} 13. f4 (13. N2f3 Nb2 14. Qc2 Nc4) 13... a5 (13... c5 14. bxc5 Nxc5 15. Qf3 $36) 14. Qc2 (14. a3 axb4 15. axb4 Rxa1 16. Qxa1 c5 $132) 14... axb4 15. Qxd3 c5 $44) 13. f4 a5 14. f5 $5 {This promising pawn sacrifice would not have been possible with the black knight on d3 rather than b7.} axb4 15. cxb4 Bxb4 16. Qg4 {White's compensation consists of two elements: his kingside threats and the idea of blocking the enemy queenside pawns on c5 and d4.} Bc3 (16... c5 $2 17. Bh6 g6 18. Nc6 $1 Bxc6 19. fxg6 hxg6 20. Rxf7 $1 $18) 17. Rac1 Bxd4 18. Bxd4 Rxa2 {It is not easy to find a good moment to fight against the blockade with ...c6-c5. This is a result of the combined threats on both wings, quite an effective method of play.} (18... c5 19. e6 cxd4 20. f6 g6 21. exd7 $16) 19. e6 f6 20. Nb3 {Now and later, Carlsen will constantly choose the static approach, refraining from turning the game dynamic. It is not easy to judge whether he was right, maybe sometimes he was and other times not, but the course of the game is suggestive for his general style.} (20. Rce1 $5 Rxd2 21. e7 Qe8 22. exf8=Q+ Qxf8 23. Qf4 Rd3 24. Qxc7 $36) 20... Be8 21. Nc5 Nd6 22. Qf3 Qe7 ({I would not resist playing} 22... Nb5 {, with constant pressure against d4. In this case, White would have enjoyed lesser freedom to build up his attack, although play would have remained slightly one-sided anyway.}) 23. Rf2 Ra5 24. Nb3 Rb5 25. Bc5 Bh5 26. Qc3 {White has achieved a faourable regrouping and can count on an advantage.} Qe8 27. Qe3 (27. Nd4 $16) 27... Qa8 (27... Ne4 28. Bxf8 Nxf2 29. Nd4 Ng4 30. Qg3 Qxf8 31. Nxb5 cxb5 32. Qxc7 $18) 28. Nd4 Rxc5 29. Rxc5 Ne4 30. Nxc6 Nxf2 31. Kxf2 Qa2+ 32. Kg3 Re8 33. h3 $16 {The position has calmed down, White has exchanged all the superfluous pieces and can enjoy his blockade. Black can only sit and wait to be crushed.} Qa6 34. Qc3 Be2 35. Rxd5 Bb5 36. Nb4 Qb7 37. Qc5 Ba4 38. Rd7 Qe4 39. Rxc7 h5 40. Kh2 Kh7 41. Qf2 Rg8 42. Na6 Be8 43. Rc5 Qd3 44. Nb4 Qd6+ 45. Kh1 Qd1+ 46. Qg1 Qd6 47. Nd5 Rf8 48. Qd4 Kh8 49. Rc8 Bc6 1-0

[Event "Tata Steel-A 75th"]
[Site "Wijk aan Zee"]
[Date "2013.01.17"]
[Round "5"]
[White "Anand, Viswanathan"]
[Black "Carlsen, Magnus"]
[Result "1/2-1/2"]
[WhiteElo "2772"]
[BlackElo "2861"]
[Annotator "Marin,Mihail"]
[PlyCount "47"]
[EventDate "2013.01.12"]
[EventType "tourn"]
[EventRounds "13"]
[EventCountry "NED"]
[EventCategory "20"]
[SourceTitle "CBM 153"]
[Source "ChessBase"]
[SourceDate "2013.03.14"]
[SourceVersion "1"]
[SourceVersionDate "2013.03.14"]
[SourceQuality "1"]

1. e4 e5 2. Nf3 Nf6 3. Nxe5 d6 4. Nf3 Nxe4 5. d4 Be7 6. Bd3 Nf6 7. O-O O-O 8. h3 (8. Nc3 {would have transposed to Karjakin,S (2780)-Wang Hao (2752)/Wijk aan Zee 2013/CBM 153 (1-0, 42), in which a completely different line was played: 5.c3.}) 8... Re8 9. Nc3 ({RR} 9. Re1 Nbd7 10. Nbd2 Nf8 11. Nf1 c6 12. Ng3 Ng6 13. c3 Bd7 14. Qc2 Nd5 15. Bd2 a5 16. a3 b5 17. a4 b4 18. c4 Nc7 19. Nf5 Bxf5 20. Bxf5 Bf6 21. g3 Nf8 22. h4 Nce6 23. Be3 g6 {Assaubayeva,B (2509)-Radjabov,T (2692) Moscow RUS 2025 1-0 (62)}) 9... Nbd7 10. Re1 Nf8 $146 ({RR} 10... c6 11. Bf4 Nf8 12. Qd2 Ng6 13. Bh2 Bd7 14. Re2 Qa5 15. Rae1 Bf8 16. a3 Rxe2 17. Rxe2 Qh5 18. Qg5 Qxg5 19. Nxg5 Re8 20. Rxe8 Bxe8 21. Nce4 Nxe4 22. Nxe4 d5 23. Nd6 Bxd6 24. Bxd6 Bd7 25. f4 {Tokovic,S (2246)-Seres,B (2223) Hungary 2018 ½-½ (46)}) 11. d5 {Ambitious, but not really effective as the game proves.} (11. Bf4 Ng6 12. Bh2 a6 13. a4 d5 14. Ne5 c6 15. Ne2 Ne4 16. c3 a5 $11 {Landa,K (2643)-David,A (2548)/Clermont-Ferrand FRA 2003/ (1/2, 48)}) 11... c6 12. Bf4 Bd7 13. Bc4 Ng6 14. Bg3 Rc8 15. dxc6 Bxc6 16. Bb3 d5 17. Qd3 Qb6 18. Nxd5 Bxd5 19. Bxd5 Nxd5 20. Qxd5 Qxb2 21. Rab1 Qxc2 22. Rxb7 Red8 23. Qb3 Qxb3 24. axb3 1/2-1/2